[Event "Prague Golden Rapid op"]
[Site "Prague"]
[Date "2023.06.17"]
[Round "3"]
[White "Pribyl, Josef"]
[Black "Fantaz, Maksim"]
[Result "0-1"]
[WhiteElo "2182"]
[BlackElo "1862"]
[PlyCount "46"]
[EventDate "2023.06.17"]
[EventType "swiss (rapid)"]
[EventRounds "9"]
[EventCountry "CZE"]
[SourceTitle "CBM 215 Extra"]
[Source "ChessBase"]
[SourceDate "2023.09.30"]
[SourceVersion "1"]
[SourceVersionDate "2023.09.30"]
[SourceQuality "1"]

1. e4 d5 2. exd5 Nf6 3. c4 e6 4. dxe6 Bxe6 5. d4 Bb4+ 6. Nc3 Ne4 7. Qd3 Bf5 8. a3 Nxc3 9. Qxf5 Qxd4 10. Be3 Nd5+ 11. axb4 Nxe3 12. fxe3 Qxb2 13. Qe4+ Kf8 14. Qd4 Qxb4+ 15. Kf2 Nc6 16. Qf4 Qb2+ 17. Ne2 Qxa1 18. Qxc7 Qb2 19. g3 Ne5 20. Bg2 Nd3+ 21. Kf3 Ne5+ 22. Ke4 Re8 23. Rf1 Qxe2 0-1